[Event "ACP Blitz"]
[Site "Playchess.com INT"]
[Date "2006.??.??"]
[Round "2"]
[White "Ghaem Maghami, Ehsan"]
[Black "Kamsky, Gata"]
[Result "1-0"]
[WhiteElo "2581"]
[BlackElo "2692"]
[PlyCount "91"]
[EventDate "2006.12.??"]
[EventType "swiss (blitz)"]
[EventRounds "11"]
[EventCountry "GER"]
[SourceTitle "EXT 2013"]
[Source "ChessBase"]
[SourceDate "2012.11.22"]
[SourceVersion "1"]
[SourceVersionDate "2012.11.22"]
[SourceQuality "1"]

1. e4 c5 2. Nf3 e6 3. c3 d5 4. exd5 exd5 5. d4 c4 6. b3 cxb3 7. axb3 Bd6 8. Bd3
Ne7 9. O-O Nbc6 10. Qc2 Bg4 11. Nbd2 Rc8 12. Qb1 Qd7 13. Re1 h6 14. h3 Be6 15.
c4 O-O 16. Nf1 b6 17. Be3 a5 18. c5 bxc5 19. dxc5 Bb8 20. Bb5 Qb7 21. Bxc6 Nxc6
22. Nd4 Nxd4 23. Bxd4 Rfe8 24. Rxa5 Bc7 25. Ra2 Rb8 26. Qa1 f6 27. Rae2 Bf7 28.
Rxe8+ Rxe8 29. Rxe8+ Bxe8 30. Qc3 Qa6 31. Ne3 Bc6 32. Qc2 Qa5 33. g3 Qb4 34.
Qc3 Qb5 35. Qc2 Qb4 36. Qg6 Qe1+ 37. Kg2 Bd7 38. Bxf6 Bxh3+ 39. Kxh3 Qh1+ 40.
Kg4 h5+ 41. Qxh5 Qe4+ 42. f4 gxf6 43. Qxd5+ Qxd5 44. Nxd5 Bd8 45. c6 Kf7 46.
Kf5 1-0

[Event "ACP Blitz"]
[Site "Playchess.com INT"]
[Date "2006.??.??"]
[Round "2"]
[White "Kamsky, Gata"]
[Black "Ghaem Maghami, Ehsan"]
[Result "1-0"]
[WhiteElo "2692"]
[BlackElo "2581"]
[PlyCount "113"]
[EventDate "2006.12.??"]
[EventType "swiss (blitz)"]
[EventRounds "11"]
[EventCountry "GER"]
[SourceTitle "EXT 2013"]
[Source "ChessBase"]
[SourceDate "2012.11.22"]
[SourceVersion "1"]
[SourceVersionDate "2012.11.22"]
[SourceQuality "1"]

1. e4 c5 2. Nf3 d6 3. d4 cxd4 4. Qxd4 Nf6 5. Bg5 Nc6 6. Bb5 Bd7 7. Bxc6 Bxc6 8.
Nc3 e6 9. O-O-O Be7 10. Qd3 O-O 11. Nd4 Qb6 12. f4 Rfe8 13. h4 Rac8 14. f5 Ng4
15. Qg3 h5 16. fxe6 fxe6 17. Bxe7 Rxe7 18. Qxd6 Qc7 19. Nxc6 Qxd6 20. Rxd6 Rxc6
21. Rxc6 bxc6 22. Rf1 Ne3 23. Rf2 Rf7 24. Rxf7 Kxf7 25. g3 Kf6 26. Ne2 Nf1 27.
Kd1 Ke5 28. Ke1 Ne3 29. Nf4 Nxc2+ 30. Kd2 Nd4 31. Kd3 Nf3 32. Ke3 Nh2 33. Nxh5
g6 34. Nf4 Kf6 35. Nd3 g5 36. h5 Ng4+ 37. Kd4 e5+ 38. Kc5 Ne3 39. Kxc6 g4 40.
b4 Nf1 41. Nf2 Kg5 42. h6 Kxh6 43. Nxg4+ Kg5 44. Nxe5 Nxg3 45. Nf7+ Kf6 46. Nd6
Ke5 47. b5 Ne2 48. a4 Nd4+ 49. Kd7 Nb3 50. Nb7 Kxe4 51. a5 Kd5 52. a6 Nd4 53.
b6 Nc6 54. Nd8 Nb8+ 55. Kc8 Nxa6 56. bxa7 Nc7 57. Kxc7 1-0

[Event "ACP Blitz"]
[Site "Playchess.com INT"]
[Date "2006.??.??"]
[Round "2"]
[White "Kamsky, Gata"]
[Black "Nakamura, Hikaru"]
[Result "1/2-1/2"]
[WhiteElo "2692"]
[BlackElo "2640"]
[PlyCount "100"]
[EventDate "2006.12.??"]
[EventType "swiss (blitz)"]
[EventRounds "11"]
[EventCountry "GER"]
[SourceTitle "EXT 2013"]
[Source "ChessBase"]
[SourceDate "2012.11.22"]
[SourceVersion "1"]
[SourceVersionDate "2012.11.22"]
[SourceQuality "1"]

1. d4 f5 2. g3 Nf6 3. Bg2 g6 4. c3 Bg7 5. Qb3 Nc6 6. Nd2 e6 7. Ngf3 O-O 8. O-O
Kh8 9. Re1 Ne4 10. Qc2 d5 11. b3 g5 12. Ba3 Rf7 13. Red1 Qf6 14. e3 Bd7 15. c4
Rg8 16. Rac1 g4 17. Ne1 h5 18. Nd3 h4 19. cxd5 exd5 20. Nf4 Be6 21. b4 Bh6 22.
b5 Bxf4 23. Nxe4 fxe4 24. exf4 Na5 25. Qd2 b6 26. Bb4 Nb7 27. a4 Rg6 28. Rc6
Qg7 29. Rdc1 Nd8 30. f5 Bxf5 31. Rxg6 Qxg6 32. a5 h3 33. Bf1 Ne6 34. axb6 axb6
35. Qe3 Kg8 36. Ra1 Qg7 37. Bc3 Ng5 38. Be2 Be6 39. Ra8+ Kh7 40. Kh1 Qf6 41.
Kg1 Qg6 42. Bb4 Bd7 43. Rf8 Rxf8 44. Bxf8 Qf6 45. Bb4 Nf7 46. Qc3 Qd8 47. Qa3
Qf6 48. Qc3 c5 49. bxc6 Bxc6 50. Bxg4 Ng5 1/2-1/2

[Event "ACP Blitz"]
[Site "Playchess.com INT"]
[Date "2006.??.??"]
[Round "2"]
[White "Kamsky, Gata"]
[Black "Nakamura, Hikaru"]
[Result "1/2-1/2"]
[WhiteElo "2692"]
[BlackElo "2640"]
[PlyCount "48"]
[EventDate "2006.12.??"]
[EventType "swiss (blitz)"]
[EventRounds "11"]
[EventCountry "GER"]
[SourceTitle "EXT 2013"]
[Source "ChessBase"]
[SourceDate "2012.11.22"]
[SourceVersion "1"]
[SourceVersionDate "2012.11.22"]
[SourceQuality "1"]

1. e4 Nf6 2. Nc3 d5 3. e5 d4 4. exf6 dxc3 5. bxc3 exf6 6. d4 Bd6 7. Bd3 O-O 8.
Ne2 c5 9. O-O Nc6 10. a4 Bg4 11. h3 Bh5 12. Be3 Re8 13. dxc5 Bf8 14. Bb5 Qc8
15. Qd2 Rd8 16. Qc1 a6 17. Bxc6 Bxe2 18. Re1 Qxc6 19. Rxe2 Bxc5 20. Bxc5 Qxc5
21. Qb2 Rd7 22. Rae1 g6 23. Qb4 Rc7 24. Re7 b5 1/2-1/2

[Event "ACP Blitz"]
[Site "Playchess.com INT"]
[Date "2006.??.??"]
[Round "2"]
[White "Nakamura, Hikaru"]
[Black "Kamsky, Gata"]
[Result "0-1"]
[WhiteElo "2640"]
[BlackElo "2692"]
[PlyCount "99"]
[EventDate "2006.12.??"]
[EventType "swiss (blitz)"]
[EventRounds "11"]
[EventCountry "GER"]
[SourceTitle "EXT 2013"]
[Source "ChessBase"]
[SourceDate "2012.11.22"]
[SourceVersion "1"]
[SourceVersionDate "2012.11.22"]
[SourceQuality "1"]

1. e4 e5 2. Nf3 Nc6 3. Bb5 a6 4. Ba4 Nf6 5. O-O Be7 6. Re1 b5 7. Bb3 O-O 8. c3
d5 9. exd5 Nxd5 10. Nxe5 Nxe5 11. Rxe5 c6 12. d3 Bd6 13. Re1 Qh4 14. g3 Qh3 15.
Qf3 Bg4 16. Qg2 Rae8 17. Be3 Qh5 18. Nd2 Bh3 19. Bd1 Qf5 20. Qf3 Qxd3 21. Be2
Qc2 22. Rec1 Qg6 23. Bd4 f5 24. Bf1 Bg4 25. Qg2 f4 26. f3 Ne3 27. Bxe3 fxe3 28.
fxg4 exd2 29. Qxd2 Bc5+ 30. Kh1 Be3 31. Qd1 Bxc1 32. Rxc1 Rf2 33. Bg2 Ree2 34.
Qd8+ Qe8 35. Qxe8+ Rxe8 36. Bxc6 Ree2 37. h4 Rxb2 38. Kg1 Rfc2 39. Rf1 Rd2 40.
a3 Rd3 41. Bf3 g6 42. g5 Kg7 43. h5 gxh5 44. Kh1 Rxc3 45. Bxh5 Rxg3 46. Be8
Rh3+ 47. Kg1 Rg3+ 48. Kh1 Rh3+ 49. Kg1 Rg3+ 50. Kh1 0-1

[Event "ACP Blitz"]
[Site "Playchess.com INT"]
[Date "2006.??.??"]
[Round "2"]
[White "Nakamura, Hikaru"]
[Black "Kamsky, Gata"]
[Result "1/2-1/2"]
[WhiteElo "2640"]
[BlackElo "2692"]
[PlyCount "201"]
[EventDate "2006.12.??"]
[EventType "swiss (blitz)"]
[EventRounds "11"]
[EventCountry "GER"]
[SourceTitle "EXT 2013"]
[Source "ChessBase"]
[SourceDate "2012.11.22"]
[SourceVersion "1"]
[SourceVersionDate "2012.11.22"]
[SourceQuality "1"]

1. e4 c5 2. Nf3 e6 3. d4 cxd4 4. Nxd4 a6 5. Bd3 Bc5 6. Nb3 Ba7 7. Qg4 Nf6 8.
Qg3 d6 9. O-O O-O 10. Bg5 Nc6 11. Kh1 Nh5 12. Qh4 f6 13. Bd2 g6 14. Nc3 b5 15.
Bh6 Ng7 16. f4 f5 17. Bg5 Qc7 18. Rad1 Nb4 19. exf5 Nxf5 20. Bxf5 Rxf5 21. Ne4
Nd5 22. Rxd5 exd5 23. Nf6+ Rxf6 24. Bxf6 Bf5 25. Re1 Be4 26. c3 Rf8 27. Bd4 Bc5
28. Qf2 a5 29. Kg1 a4 30. Nd2 Bxd4 31. Qxd4 Rxf4 32. Nxe4 dxe4 33. Rxe4 Rxe4
34. Qxe4 Qc5+ 35. Kf1 Kf7 36. Ke2 h5 37. Kd3 Kf6 38. h3 Qe5 39. b3 axb3 40.
axb3 Qg3+ 41. Kd4 Qf2+ 42. Kd3 Qf1+ 43. Qe2 Qb1+ 44. Qc2 Qxc2+ 45. Kxc2 Ke5 46.
Kd3 Kd5 47. Ke3 Ke5 48. g3 g5 49. Kd3 h4 50. gxh4 gxh4 51. Ke3 Kf5 52. Kf3 d5
53. b4 Kg5 54. Ke3 Kf5 55. Kd4 Kf4 56. Kc5 Kg3 57. Kxb5 Kxh3 58. Kc5 Kg4 59. b5
h3 60. b6 h2 61. b7 h1=Q 62. b8=Q Qc1 63. Qe5 Kf3 64. Qxd5+ Ke2 65. Qe4+ Kf2
66. Qd4+ Kf3 67. Qf6+ Ke4 68. Qd4+ Kf3 69. c4 Qa3+ 70. Kb5 Qb3+ 71. Kc6 Qa4+
72. Kd6 Qa6+ 73. Ke5 Qc8 74. Qf4+ Ke2 75. Kd4 Qd7+ 76. Kc3 Qg7+ 77. Qd4 Qg3+
78. Kb4 Qb8+ 79. Ka4 Qa8+ 80. Kb5 Qb7+ 81. Qb6 Qd7+ 82. Qc6 Qd3 83. Qg2+ Ke1
84. Qa2 Kd1 85. Qf2 Kc1 86. Kc5 Qa3+ 87. Kd5 Qa8+ 88. Ke5 Qb8+ 89. Ke4 Qb7+ 90.
Kd4 Qd7+ 91. Kc3 Qg7+ 92. Qd4 Qg3+ 93. Kb4 Qb8+ 94. Ka5 Qa8+ 95. Kb5 Qe8+ 96.
Kb4 Qb8+ 97. Ka4 Qa8+ 98. Kb5 Qe8+ 99. Ka6 Qc8+ 100. Ka5 Qa8+ 101. Kb5 1/2-1/2

[Event "ACP Blitz"]
[Site "Playchess.com INT"]
[Date "2006.??.??"]
[Round "2"]
[White "Nakamura, Hikaru"]
[Black "Kamsky, Gata"]
[Result "1/2-1/2"]
[WhiteElo "2640"]
[BlackElo "2692"]
[PlyCount "193"]
[EventDate "2006.12.??"]
[EventType "swiss (blitz)"]
[EventRounds "11"]
[EventCountry "GER"]
[SourceTitle "EXT 2013"]
[Source "ChessBase"]
[SourceDate "2012.11.22"]
[SourceVersion "1"]
[SourceVersionDate "2012.11.22"]
[SourceQuality "1"]

1. e4 c5 2. Nf3 e6 3. d4 cxd4 4. Nxd4 a6 5. Bd3 Bc5 6. Nb3 Ba7 7. Qh5 d6 8. O-O
Nc6 9. Bg5 Nf6 10. Qh4 h6 11. Nc3 Ne5 12. Rad1 Ng6 13. Bxf6 Qxf6 14. Qxf6 gxf6
15. g3 Ke7 16. Kg2 Ne5 17. Be2 Bd7 18. f4 Nc6 19. Rd2 Rhd8 20. Rfd1 Be8 21. a3
Rac8 22. Bh5 b5 23. Ne2 Bb6 24. c3 Na5 25. Nxa5 Bxa5 26. Bf3 Bb6 27. f5 a5 28.
fxe6 fxe6 29. Nf4 Rc5 30. Re2 Bf7 31. Rf1 Rh8 32. Nd3 Rc4 33. h4 Rg8 34. Kh3
Rcc8 35. Nf4 Rc5 36. Rd1 Be8 37. Red2 Bc7 38. Kh2 Bf7 39. Rf1 Rb8 40. Rdf2 Bb6
41. Bd1 Re5 42. Re2 Rc5 43. Bb3 Rg8 44. Ref2 Re5 45. Re2 Rc5 46. Nd3 Rcc8 47.
Ba2 Bh5 48. Rd2 Rg7 49. Bxe6 Be3 50. Bxc8 Bxd2 51. Nf4 Bf7 52. Ba6 Bc4 53. Rf2
Bc1 54. b3 Bxb3 55. Bxb5 Bxa3 56. c4 Bc5 57. Nd5+ Ke6 58. Rxf6+ Ke5 59. Rf3 a4
60. Kg2 Bc2 61. Nc3 a3 62. Bc6 Bb4 63. Nb5 Bxe4 64. Bxe4 Kxe4 65. Nxa3 d5 66.
cxd5 Kxd5 67. Nc2 Bd6 68. Ne3+ Ke4 69. Nf5 Rg6 70. Nxd6+ Rxd6 71. Rf8 h5 72.
Kh3 Rd5 73. Rf4+ Ke3 74. Ra4 Re5 75. g4 Kf3 76. g5 Re1 77. Ra3+ Kf4 78. g6 Re7
79. Rg3 Rg7 80. Rg5 Kf3 81. Rxh5 Rxg6 82. Rg5 Rh6 83. h5 Kf4 84. Kh4 Rh8 85.
Ra5 Rh7 86. Ra6 Kf5 87. h6 Rc7 88. Kh5 Rc1 89. Ra5+ Kf6 90. Ra6+ Kf7 91. Ra7+
Kg8 92. Ra8+ Kh7 93. Ra7+ Kh8 94. Ra8+ Kh7 95. Ra7+ Kh8 96. Ra8+ Kh7 97. Ra7+
1/2-1/2

[Event "ACP Blitz"]
[Site "Playchess.com INT"]
[Date "2006.??.??"]
[Round "3"]
[White "Fernandes, Antonio ETG"]
[Black "Kamsky, Gata"]
[Result "0-1"]
[WhiteElo "2453"]
[BlackElo "2692"]
[PlyCount "110"]
[EventDate "2006.12.??"]
[EventType "swiss (blitz)"]
[EventRounds "11"]
[EventCountry "GER"]
[SourceTitle "EXT 2013"]
[Source "ChessBase"]
[SourceDate "2012.11.22"]
[SourceVersion "1"]
[SourceVersionDate "2012.11.22"]
[SourceQuality "1"]

1. d4 d5 2. c4 c6 3. e3 Nf6 4. Nf3 Qb6 5. Nc3 Bg4 6. h3 Bxf3 7. Qxf3 e6 8. Bd3
Nbd7 9. O-O Bb4 10. Bd2 O-O 11. a3 Be7 12. b4 a6 13. Rfd1 Rfe8 14. c5 Qc7 15.
e4 dxe4 16. Nxe4 Nxe4 17. Bxe4 Nf6 18. Bf4 Qd7 19. Be5 Nxe4 20. Qxe4 Bf8 21.
Rd3 f6 22. Bf4 Rad8 23. Rad1 Qd5 24. Qxd5 Rxd5 25. Kf1 Red8 26. Be3 Kf7 27. Ke2
g6 28. f3 Be7 29. Rb1 f5 30. Rbd1 Bf6 31. f4 h5 32. Kf3 h4 33. Bf2 g5 34. fxg5
Bxg5 35. Be3 Bf6 36. Bf2 e5 37. Ke2 e4 38. R3d2 f4 39. Bg1 Rg8 40. Kf1 Ke6 41.
Bh2 e3 42. Re2 Kf5 43. Kg1 Rxd4 44. Rf1 Re4 45. Rd1 Rd8 46. Rxd8 Bxd8 47. Re1
Bf6 48. Kf1 Rc4 49. Rd1 Rc2 50. Rd7 Rf2+ 51. Kg1 Ra2 52. Kf1 Be5 53. Rf7+ Ke4
54. Rh7 e2+ 55. Kf2 Bd4+ 0-1

[Event "ACP Blitz"]
[Site "Playchess.com INT"]
[Date "2006.??.??"]
[Round "3"]
[White "Fridman, Daniel"]
[Black "Kamsky, Gata"]
[Result "1-0"]
[WhiteElo "2616"]
[BlackElo "2692"]
[PlyCount "69"]
[EventDate "2006.12.??"]
[EventType "swiss (blitz)"]
[EventRounds "11"]
[EventCountry "GER"]
[SourceTitle "EXT 2013"]
[Source "ChessBase"]
[SourceDate "2012.11.22"]
[SourceVersion "1"]
[SourceVersionDate "2012.11.22"]
[SourceQuality "1"]

1. d4 d5 2. Nf3 Nf6 3. c4 c6 4. e3 Qb6 5. Nbd2 Bf5 6. b3 e6 7. Bb2 a5 8. a3
Nbd7 9. Be2 Be7 10. O-O O-O 11. h3 h6 12. c5 Qc7 13. b4 b5 14. a4 bxa4 15. Qxa4
Rfb8 16. b5 cxb5 17. Bxb5 Bxc5 18. Rfc1 Nb6 19. Qa2 Nc4 20. Bxc4 dxc4 21. dxc5
Nd5 22. Be5 Qxc5 23. Bxb8 Rxb8 24. Qxc4 Qf8 25. Rxa5 Nf6 26. e4 Bg6 27. Rc5 Kh7
28. Ne5 Rd8 29. Nxg6 fxg6 30. Rc8 Rxc8 31. Qxc8 Qa3 32. Qc3 Qa4 33. Qc4 Qa3 34.
Nf3 Nh5 35. Re1 1-0

[Event "ACP Blitz"]
[Site "Playchess.com INT"]
[Date "2006.??.??"]
[Round "3"]
[White "Fridman, Daniel"]
[Black "Kamsky, Gata"]
[Result "1-0"]
[WhiteElo "2616"]
[BlackElo "2692"]
[PlyCount "75"]
[EventDate "2006.12.??"]
[EventType "swiss (blitz)"]
[EventRounds "11"]
[EventCountry "GER"]
[SourceTitle "EXT 2013"]
[Source "ChessBase"]
[SourceDate "2012.11.22"]
[SourceVersion "1"]
[SourceVersionDate "2012.11.22"]
[SourceQuality "1"]

1. d4 d5 2. Nf3 Nf6 3. c4 c6 4. e3 Qb6 5. Nbd2 Bf5 6. b3 e6 7. Bb2 Nbd7 8. Be2
h6 9. O-O Be7 10. Qc1 O-O 11. Ba3 Bxa3 12. Qxa3 a5 13. h3 Rfe8 14. Qd6 Rac8 15.
a3 Qc7 16. Qxc7 Rxc7 17. b4 Ra8 18. c5 b6 19. cxb6 Nxb6 20. Nb3 axb4 21. axb4
Rca7 22. Rxa7 Rxa7 23. Na5 Ne4 24. Rc1 Na4 25. Rxc6 Nec3 26. Bf1 f6 27. Nh4 Kf7
28. Nxf5 exf5 29. Rc8 g5 30. Bd3 f4 31. exf4 gxf4 32. Nc6 Rd7 33. Bf5 Rd6 34.
Rc7+ Kf8 35. Bg6 Kg8 36. Ne7+ Kf8 37. Nf5 Rd8 38. Rf7+ 1-0

[Event "ACP Blitz"]
[Site "Playchess.com INT"]
[Date "2006.??.??"]
[Round "3"]
[White "Kamsky, Gata"]
[Black "Fernandes, Antonio ETG"]
[Result "1-0"]
[WhiteElo "2692"]
[BlackElo "2453"]
[PlyCount "119"]
[EventDate "2006.12.??"]
[EventType "swiss (blitz)"]
[EventRounds "11"]
[EventCountry "GER"]
[SourceTitle "EXT 2013"]
[Source "ChessBase"]
[SourceDate "2012.11.22"]
[SourceVersion "1"]
[SourceVersionDate "2012.11.22"]
[SourceQuality "1"]

1. d4 Nf6 2. Nf3 d5 3. Bf4 c6 4. e3 Bf5 5. c4 e6 6. Nc3 Nbd7 7. Qb3 Qb6 8. c5
Qxb3 9. axb3 a6 10. b4 Rc8 11. h3 h6 12. Nd2 Ne4 13. Ncxe4 Bxe4 14. f3 Bh7 15.
Nb3 f6 16. Na5 e5 17. Bh2 Rc7 18. Kd2 g5 19. Kc3 Bg7 20. h4 Nf8 21. Nxb7 Rxb7
22. Rxa6 Kd7 23. b5 Rc7 24. bxc6+ Ke7 25. b4 Ne6 26. b5 Bg6 27. Bd3 Bxd3 28.
Kxd3 Rb8 29. Rb1 f5 30. Bg1 f4 31. e4 exd4 32. exd5 Nxc5+ 33. Kc4 Nxa6 34. Re1+
Kf7 35. bxa6 Ra7 36. d6 Rxa6 37. c7 Rc8 38. Re7+ Kf8 39. Kd5 Bf6 40. Re6 Bd8
41. Bxd4 Bxc7 42. d7 Ra5+ 43. Kc6 Rd8 44. Kxc7 Rda8 45. Rd6 Ke7 46. Bf6+ Kf7
47. hxg5 R5a7+ 48. Kc6 Ra6+ 49. Kd5 Rxd6+ 50. Kxd6 hxg5 51. d8=Q Rxd8+ 52. Bxd8
Kg6 53. Ke5 Kh5 54. Kf5 Kh6 55. Bxg5+ Kh5 56. Bxf4 Kh4 57. g4 Kh3 58. g5 Kg2
59. g6 Kxf3 60. g7 1-0

[Event "ACP Blitz"]
[Site "Playchess.com INT"]
[Date "2006.??.??"]
[Round "3"]
[White "Kamsky, Gata"]
[Black "Fridman, Daniel"]
[Result "1/2-1/2"]
[WhiteElo "2692"]
[BlackElo "2616"]
[PlyCount "120"]
[EventDate "2006.12.??"]
[EventType "swiss (blitz)"]
[EventRounds "11"]
[EventCountry "GER"]
[SourceTitle "EXT 2013"]
[Source "ChessBase"]
[SourceDate "2012.11.22"]
[SourceVersion "1"]
[SourceVersionDate "2012.11.22"]
[SourceQuality "1"]

1. d4 d5 2. Nf3 Nf6 3. Bf4 Bg4 4. e3 c6 5. c4 e6 6. Nc3 Nbd7 7. Qb3 Bxf3 8.
gxf3 Qb6 9. h3 Be7 10. c5 Qxb3 11. axb3 a6 12. b4 O-O 13. Bd3 Rfe8 14. Kd2 g6
15. Kc2 Bf8 16. e4 Rac8 17. Bg5 Bg7 18. Be3 e5 19. dxe5 Nxe5 20. Be2 Rcd8 21.
Rhd1 Nc4 22. Bxc4 dxc4 23. Na4 Nd7 24. Bg5 f6 25. Bf4 Ne5 26. Bxe5 fxe5 27. Nb6
Rxd1 28. Rxd1 Rf8 29. Rd7 Rxf3 30. Rxb7 Rxh3 31. Nxc4 Rf3 32. Rb8+ Kf7 33. Nd6+
Ke6 34. Rb7 Bf8 35. Nc4 Rxf2+ 36. Kb3 h5 37. Rc7 h4 38. Rxc6+ Ke7 39. Nxe5 g5
40. Ng6+ Kd7 41. Ne5+ Ke7 42. Rxa6 h3 43. Ng6+ Kf7 44. Nxf8 Kxf8 45. Rh6 h2 46.
c6 Ke7 47. b5 g4 48. b6 Rf3+ 49. Kb4 Rh3 50. Rxh3 gxh3 51. b7 h1=Q 52. b8=Q
Qxe4+ 53. Kc5 Qc2+ 54. Kd5 h2 55. Qe5+ Kf7 56. Qe6+ Kg7 57. Qe7+ Kg6 58. Qe6+
Kg7 59. Qe7+ Kg6 60. Qe6+ Kg7 1/2-1/2

[Event "ACP Blitz"]
[Site "Playchess.com INT"]
[Date "2006.??.??"]
[Round "3"]
[White "Kamsky, Gata"]
[Black "Fridman, Daniel"]
[Result "1/2-1/2"]
[WhiteElo "2692"]
[BlackElo "2616"]
[PlyCount "71"]
[EventDate "2006.12.??"]
[EventType "swiss (blitz)"]
[EventRounds "11"]
[EventCountry "GER"]
[SourceTitle "EXT 2013"]
[Source "ChessBase"]
[SourceDate "2012.11.22"]
[SourceVersion "1"]
[SourceVersionDate "2012.11.22"]
[SourceQuality "1"]

1. e4 e5 2. Nf3 Nf6 3. d4 Nxe4 4. Bd3 Nc6 5. dxe5 d5 6. exd6 Nxd6 7. O-O Be7 8.
Bf4 O-O 9. Nc3 Be6 10. Re1 Bf6 11. Qd2 Nc4 12. Bxc4 Bxc4 13. Qxd8 Raxd8 14.
Bxc7 Rc8 15. Be5 Nxe5 16. Nxe5 Be6 17. Rad1 Bf5 18. Nd5 Rxc2 19. Ne3 Rc5 20.
Nxf5 Rxe5 21. Rxe5 Bxe5 22. Ne7+ Kh8 23. b3 Bf6 24. Nd5 Rd8 25. g3 g6 26. Kg2
Kg7 27. f4 h5 28. Kf3 Rc8 29. Ne3 Rc3 30. Rd7 b5 31. Ke4 a5 32. Rd5 Be7 33. Kd4
Bf6+ 34. Ke4 Be7 35. Kd4 Bf6+ 36. Ke4 1/2-1/2

[Event "ACP Blitz"]
[Site "Playchess.com INT"]
[Date "2006.??.??"]
[Round "4"]
[White "Bocharov, Dmitry"]
[Black "Kamsky, Gata"]
[Result "0-1"]
[WhiteElo "2577"]
[BlackElo "2692"]
[PlyCount "128"]
[EventDate "2006.12.??"]
[EventType "swiss (blitz)"]
[EventRounds "11"]
[EventCountry "GER"]
[SourceTitle "EXT 2013"]
[Source "ChessBase"]
[SourceDate "2012.11.22"]
[SourceVersion "1"]
[SourceVersionDate "2012.11.22"]
[SourceQuality "1"]

1. d4 d5 2. c4 c6 3. Nf3 Nf6 4. Nc3 Qb6 5. e3 Bg4 6. h3 Bxf3 7. Qxf3 e6 8. Bd3
Nbd7 9. cxd5 exd5 10. g4 Bd6 11. g5 Ng8 12. Bd2 g6 13. e4 dxe4 14. Nxe4 Bb4 15.
O-O-O Ne7 16. Nf6+ Nxf6 17. gxf6 Bxd2+ 18. Rxd2 Nd5 19. Re1+ Kd7 20. Bc4 Rhe8
21. Re5 Rxe5 22. dxe5 Qc5 23. Qg4+ Ke8 24. Kb1 h5 25. Qd4 Qxd4 26. Rxd4 Rd8 27.
Bxd5 Rxd5 28. Rxd5 cxd5 29. f4 Kd7 30. Kc2 Ke6 31. Kd3 g5 32. fxg5 Kxe5 33. h4
Kf5 34. Kd4 Ke6 35. b3 Kd6 36. a3 Ke6 37. a4 Kd6 38. b4 Ke6 39. Kc5 Ke5 40. g6
Kxf6 41. gxf7 Kxf7 42. Kxd5 Kf6 43. Ke4 Ke6 44. Kf4 Kf6 45. a5 a6 46. Ke4 Ke6
47. Kd4 Kd6 48. Kc4 Kc6 49. b5+ Kd6 50. Kb4 Kd5 51. bxa6 bxa6 52. Kc3 Kc5 53.
Kb3 Kb5 54. Kc3 Kxa5 55. Kb3 Kb5 56. Ka3 Kc5 57. Ka4 Kd4 58. Ka5 Ke4 59. Kxa6
Kf4 60. Kb5 Kg4 61. Kc4 Kxh4 62. Kd3 Kg3 63. Ke2 Kg2 64. Ke3 h4 0-1

[Event "ACP Blitz"]
[Site "Playchess.com INT"]
[Date "2006.??.??"]
[Round "4"]
[White "Kamsky, Gata"]
[Black "Bocharov, Dmitry"]
[Result "1-0"]
[WhiteElo "2692"]
[BlackElo "2577"]
[PlyCount "164"]
[EventDate "2006.12.??"]
[EventType "swiss (blitz)"]
[EventRounds "11"]
[EventCountry "GER"]
[SourceTitle "EXT 2013"]
[Source "ChessBase"]
[SourceDate "2012.11.22"]
[SourceVersion "1"]
[SourceVersionDate "2012.11.22"]
[SourceQuality "1"]

1. d4 Nf6 2. Nf3 e6 3. Bg5 h6 4. Bxf6 Qxf6 5. e4 d6 6. c3 g5 7. g3 Bg7 8. Nbd2
Nc6 9. Bd3 Bd7 10. Nc4 g4 11. Nh4 e5 12. dxe5 Nxe5 13. Nxe5 Qxe5 14. O-O Bf6
15. Nf5 h5 16. Qb3 O-O-O 17. Bc4 Bxf5 18. exf5 d5 19. Bd3 h4 20. Rfe1 Qd6 21.
Qa4 Kb8 22. Qxg4 Rdg8 23. Qf3 a6 24. Kg2 Rg5 25. h3 hxg3 26. fxg3 Rgh5 27. Rh1
R5h7 28. Rae1 Rg8 29. g4 Rhh8 30. Re2 Bh4 31. Rf1 Re8 32. Qf4 Qb6 33. b4 Rxe2+
34. Bxe2 Re8 35. Bf3 f6 36. Qd2 c6 37. Bd1 Re3 38. Rf3 Re1 39. Rf1 Re3 40. Rf3
Re5 41. a4 Qc7 42. Be2 Qe7 43. Kf1 Bg5 44. Qd3 Re4 45. Qc2 Qe5 46. Bd3 Re3 47.
Rxe3 Qxe3 48. Kg2 Bf4 49. b5 Qg3+ 50. Kf1 Qxh3+ 51. Ke1 Qe3+ 52. Kf1 Qf3+ 53.
Ke1 Bg3+ 54. Kd2 Bf4+ 55. Ke1 Qh1+ 56. Kf2 Qh2+ 57. Kf1 Qh1+ 58. Kf2 Qh2+ 59.
Kf1 Qh3+ 60. Ke1 Qxg4 61. bxa6 Qg3+ 62. Kf1 Qf3+ 63. Ke1 Qe3+ 64. Kf1 Qf3+ 65.
Ke1 Qe3+ 66. Kf1 bxa6 67. Bxa6 Ka7 68. Bd3 Bd6 69. Qf2 Qxf2+ 70. Kxf2 Kb6 71.
Ke3 Kc5 72. Kd2 Bf4+ 73. Kc2 Be5 74. a5 Bc7 75. a6 Kb6 76. Kb3 Bd6 77. c4 dxc4+
78. Bxc4 Be5 79. Bd3 Bd6 80. Bc4 Be5 81. Bd3 Bd6 82. Bc4 Be5 1-0

[Event "ACP Blitz"]
[Site "Playchess.com INT"]
[Date "2006.??.??"]
[Round "5"]
[White "Kamsky, Gata"]
[Black "Tregubov, Pavel V"]
[Result "1-0"]
[WhiteElo "2692"]
[BlackElo "2570"]
[PlyCount "51"]
[EventDate "2006.12.??"]
[EventType "swiss (blitz)"]
[EventRounds "11"]
[EventCountry "GER"]
[SourceTitle "EXT 2013"]
[Source "ChessBase"]
[SourceDate "2012.11.22"]
[SourceVersion "1"]
[SourceVersionDate "2012.11.22"]
[SourceQuality "1"]

1. e4 c5 2. Nf3 e6 3. d4 cxd4 4. Nxd4 Nc6 5. Nc3 a6 6. Be2 Qc7 7. O-O Nf6 8.
Be3 Bb4 9. Na4 Be7 10. c4 Nxe4 11. c5 O-O 12. Rc1 Rb8 13. Bf3 f5 14. Bxe4 fxe4
15. Nb6 d5 16. cxd6 Bxd6 17. h3 Rd8 18. Qb3 Nxd4 19. Bxd4 Qf7 20. Be3 Bd7 21.
Nxd7 Rxd7 22. Rc4 Qf5 23. Qc2 Qe5 24. g3 Re8 25. Rd1 Ree7 26. Bf4 1-0

[Event "ACP Blitz"]
[Site "Playchess.com INT"]
[Date "2006.??.??"]
[Round "5"]
[White "Tregubov, Pavel V"]
[Black "Kamsky, Gata"]
[Result "1-0"]
[WhiteElo "2570"]
[BlackElo "2692"]
[PlyCount "103"]
[EventDate "2006.12.??"]
[EventType "swiss (blitz)"]
[EventRounds "11"]
[EventCountry "GER"]
[SourceTitle "EXT 2013"]
[Source "ChessBase"]
[SourceDate "2012.11.22"]
[SourceVersion "1"]
[SourceVersionDate "2012.11.22"]
[SourceQuality "1"]

1. d4 d5 2. c4 c6 3. Nf3 Nf6 4. e3 Qb6 5. Nc3 Bg4 6. h3 Bxf3 7. Qxf3 e6 8. Bd3
Bb4 9. O-O Nbd7 10. a3 Be7 11. e4 Qxd4 12. exd5 Ne5 13. Qg3 Nh5 14. Be3 Qxc3
15. Qh2 Qxd3 16. Qxe5 Qf5 17. Qc7 exd5 18. cxd5 cxd5 19. Bc5 Qd7 20. Qe5 Nf6
21. Rfe1 Ne4 22. Qxg7 O-O-O 23. Bxa7 b5 24. Qd4 Kb7 25. Rac1 Ka8 26. Bb6 Bf6
27. Qd3 Kb7 28. Bxd8 Rxd8 29. f3 Bxb2 30. Rb1 Nc5 31. Qxh7 Na4 32. Qc2 Bd4+ 33.
Kh1 Nc3 34. Rb3 Qc6 35. Qd3 Bf6 36. Rc1 d4 37. a4 Kb6 38. axb5 Qe6 39. Ra3 Qe3
40. Ra6+ Kb7 41. Rxc3 Qe1+ 42. Kh2 Be5+ 43. f4 Bxf4+ 44. g3 Bxg3+ 45. Qxg3 Qd2+
46. Qg2+ Qxg2+ 47. Kxg2 dxc3 48. Rc6 Rd5 49. Rxc3 Rxb5 50. Kg3 Rg5+ 51. Kf4 Rg1
52. h4 1-0